01440nam a2200349 a 4500001001200000003000800012006001900020007001500039008004100054010001700095020003100112020002700143040002100170035002100191050002400212082001600236100002900252245020400281260004400485300002400529504004100553533015200594650003500746650004900781650002400830655002900854700002500883700002000908710001700928856012600945999001901071ebr10480987CaPaEBRm u cr cn|||||||||100806s2011 dcua sb 000 0 eng d z 2010032690 z9780821382165 (alk. paper) z9780821382790 (e-book) aCaPaEBRcCaPaEBR a(OCoLC)74436635514aTC540b.M463 2011eb04a363.6/12221 aMazzei, Leonardo,d1973-10aOpportunities in dam planning and managementh[electronic resource] :ba communication practitioner's handbook for large water infrastructure /cLeonardo Mazzei, Lawrence J.M. Haas, Donal T. O'Leary. aWashington, D.C. :bWorld Bank,cc2011. axvi, 142 p. :bill. aIncludes bibliographical references. aElectronic reproduction.bPalo Alto, Calif. :cebrary,d2011.nAvailable via World Wide Web.nAccess may be limited to ebrary affiliated libraries. 0aDamsxDesign and construction. 0aInfrastructure (Economics)xDecision making. 0aProject management. 7aElectronic books.2local1 aHaas, Lawrence J. M.1 aO'Leary, Donal.2 aebrary, Inc.40uhttp://site.ebrary.com/lib/rucke/Doc?id=10480987zAn electronic book accessible through the World Wide Web; click to view c221871d221871